书目信息 |
| 题名: |
20世纪30年代县政建设实验研究
|
|
| 作者: | 李伟中 著 | |
| 分册: | ||
| 出版信息: | 北京 人民出版社 2009.07 |
|
| 页数: | 356页 | |
| 开本: | 21cm | |
| 丛书名: | 20世纪中国乡村社会变迁丛书 | |
| 单 册: | ||
| 中图分类: | D693.62 | |
| 科图分类: | ||
| 主题词: | 县--地方政府--建设--研究--中国--1930~1939 , 县 , 地方政府 | |
| 电子资源: | ||
| ISBN: | 978-7-01-007687-4 | |
| 000 | 01087oam2 2200289 450 | |
| 001 | 010800015612 | |
| 005 | 20120612085126.46 | |
| 010 | @a978-7-01-007687-4@dCNY26.00 | |
| 100 | @a20090904d2009 em y0chiy0110 ea | |
| 101 | 0 | @achi |
| 102 | @aCN@b110000 | |
| 105 | @ay z 000yy | |
| 106 | @ar | |
| 200 | 1 | @a20世纪30年代县政建设实验研究@920 shi ji 30 nian dai xian zheng jian she shi yan yan jiu@f李伟中著 |
| 210 | @a北京@c人民出版社@d2009.07 | |
| 215 | @a356页@d21cm | |
| 225 | 2 | @a20世纪中国乡村社会变迁丛书 |
| 300 | @a本书得到国家社科基金的资助(项目编号:05XZS011) | |
| 330 | @a20世纪30年代的县政建设实验是一场规模较大、影响深远的地方政治改革实验,实验的内容涉及政治、经济、文化、卫生、教育、保卫等乡村社会生活的各个方面,是对乡村社会的一种整体性改造。 | |
| 461 | 0 | @12001 @a20世纪中国乡村社会变迁丛书@1701 0@a王先明@4主编 |
| 606 | 0 | @a县@x地方政府@x建设@x研究@y中国@z1930~1939 |
| 606 | 0 | @a县 |
| 606 | 0 | @a地方政府 |
| 690 | @aD693.62@v4 | |
| 701 | 0 | @a李伟中@9li wei zhong@f(1972~)@4著 |
| 801 | 0 | @aCN@bRENTIAN@c20090904 |
| 905 | @b539619-23@dD693.62@e159@f5 | |
| 20世纪30年代县政建设实验研究/李伟中著.-北京:人民出版社,2009.07 |
| 356页;21cm.-(20世纪中国乡村社会变迁丛书) |
| 本书得到国家社科基金的资助(项目编号:05XZS011) |
| ISBN 978-7-01-007687-4:CNY26.00 |
| 20世纪30年代的县政建设实验是一场规模较大、影响深远的地方政治改革实验,实验的内容涉及政治、经济、文化、卫生、教育、保卫等乡村社会生活的各个方面,是对乡村社会的一种整体性改造。 |
| ● |
| 相关链接 |
|
|
|
|
正题名:20世纪30年代县政建设实验研究
索取号:D693.62/159
 
预约/预借
| 序号 | 登录号 | 条形码 | 馆藏地/架位号 | 状态 | 备注 |
| 1 | 539619 | 205396196 | 第一样本阅览室/ [索取号:D693.62/159] | 在馆 | |
| 2 | 539620 | 205396203 | 第一借阅区/ [索取号:D693.62/159] | 在馆 | |
| 3 | 539621 | 205396212 | 第一借阅区/ [索取号:D693.62/159] | 在馆 | |
| 4 | 539622 | 205396221 | 第一借阅区/ [索取号:D693.62/159] | 在馆 | |
| 5 | 539623 | 205396230 | 第一借阅区/ [索取号:D693.62/159] | 在馆 |